000 00485nam a22001577u 4500
008 130405s1927 xxu||||| |||| 00| 0 fre d
041 _afre
100 1 _aDelehaye, Hippolyte
_911431
245 0 0 _aSanctus
_b:Essai sur le culte des saints dans l'antiquité...
_cHippolyte Delehaye
260 _aBruxelles:
_bSociété des Bollandistes,
_c1927
300 _a266 p.
490 0 _aSubsidia Hagiographica
_v17
650 0 4 _aLiturgia
_yÉpoca primitiva
_915693
942 _cBK
001 32192
999 _c239450
_d239450